000
00343pab a2200145 454500
008
180718b2004 xxu||||| |||| 00| 0 eng d
100
_a
Ray, Rabindra
245
_a
The cultural orientations of mentality
260
_c
2004
300
_a
p.216-19.
362
_a
Oct
650
_a
Culture
773
_a
Psychological Studies
909
_a
64268
999
_c
64268
_d
64268